00366pab a2200145 454500008004000000100001800040245006400058260000900122300001000131362001100141650001900152650002300171650001500194773001100209180718b1997 xxu||||| |||| 00| 0 eng d aNayar, Kuldip aFighting corruption: is CBI afraid to put its act together? c1997 ap.5-6 a22 Jun aPolice - India acorruption - India aCorruption aJanata